| 000 | 01231nac a22002891u 4500 | ||
|---|---|---|---|
| 010 | _a 2001270569 | ||
| 020 | _a1860646093 | ||
| 035 | _a(OCoLC)ocm47055407 | ||
| 082 | 0 | 0 |
_a321.6 _bAZM |
| 090 |
_c7537 _d7537 |
||
| 100 | _aʻAẓmah, ʻAzīz. | ||
| 245 | 1 | 0 |
_aMuslim kingship : _bpower and the sacred in Muslim, Christian and pagan polities / _cAziz Al-Azmeh. |
| 250 | _aPaperback ed. | ||
| 260 |
_aLondon ; _aNew York : _bI.B. Tauris,2001 _c2001. |
||
| 300 |
_axvi, 296 p. ; _c21 cm. |
||
| 500 | _adistributer: Al-Ahram | ||
| 504 | _aIncludes bibliographical references (p. 266-283) and index. | ||
| 511 | _acatalogued by: wessam | ||
| 650 | 0 |
_aIslam and politics _xHistory. |
|
| 650 | 0 |
_aIslam _xGovernment. |
|
| 650 | 0 | _aChurch polity. | |
| 650 | 0 | _aPolity (Religion) | |
| 856 | 4 | 2 |
_3Contributor biographical information _uhttp://www.loc.gov/catdir/bios/hol058/2001270569.html |
| 856 | 4 | 2 |
_3Publisher description _uhttp://www.loc.gov/catdir/description/hol052/2001270569.html |
| 856 | 4 | 2 |
_3Table of contents _uhttp://www.loc.gov/catdir/toc/hol051/2001270569.html |
| 942 |
_cBB _k321.6AZM |
||
| 999 |
_c7537 _d7537 |
||